Most Streamed Hip-Hop Artists On Spotify - Statistics

General Stats
  • This quiz has been taken 435 times
  • The average score is 8 of 16
Answer Stats
# Artist Streams % Correct
1 Drake 80.0B
96%
7 Kendrick Lamar 29.4B
90%
3 Kanye West 42.1B
80%
2 Eminem 46.0B
79%
4 Travis Scott 34.3B
70%
8 Future 24.8B
56%
6 XXXTENTACION 30.1B
51%
5 Juice WRLD 31.8B
50%
9 J. Cole 22.1B
49%
10 Nicki Minaj 21.8B
48%
15 Lil Baby 16.2B
45%
13 Lil Uzi Vert 18.7B
44%
14 21 Savage 18.6B
43%
11 Metro Boomin 21.6B
26%
12 Doja Cat 20.2B
11%
16 $uicideboy$ 15.0B
11%
No matching quizzes found
Score Distribution
Percent of People with Each Score
Percentile by Number Answered
Your Score History
You have not taken this quiz